000 00343nas a2200157 a 4500
001 79290
003 155389
005 20201118111616.0
008 ||||||n9999 ||| || ||
245 0 _aTime - Vol.157 No.5
260 _aEstados Unidos :
562 _e1
773 _021966
_aTime
942 _cSISS
999 _c79290
_d79290